Statistics for Countries of the World In Their Native Languages

Click here to take the quiz!

General Stats

  • This quiz has been taken 26 times
  • The average score is 58 of 196

Answers on the Map

Answers color-coded by a green-red scale on the quiz's map according to % correct below.
 

Answer Stats

Country% Correct
United Kingdom
95%
Canada
91%
United States
91%
México
86%
Argentina
82%
Chile
82%
Cuba
82%
Ecuador
82%
Nicaragua
82%
Panamá
82%
Uruguay
82%
Colombia
77%
Costa Rica
77%
Deutschland
77%
Guyana
77%
Honduras
77%
Australia
73%
Belize
73%
Bolivia
73%
Brasil
73%
El Salvador
73%
España / Espanya / Erresuma / Espanha
73%
Portugal
73%
Venezuela
73%
Bahamas
68%
Éire
68%
Guatemala
68%
Nihon / Nippon
64%
România
59%
Saint Kitts and Nevis
59%
Trinidad and Tobago
59%
Ísland
55%
República Dominicana
55%
Saint Vincent and the
Grenadines
55%
Schweiz / Suisse / Svizzera / Svizra
55%
Barbados
50%
Dominica
50%
Mali
50%
Nederland
50%
Norge / Norgga / Nöörjen
50%
Polska
50%
Rossiya
50%
Türkiye
50%
Antigua and Barbuda
45%
België / Belgique / Belgien
45%
Côte d'Ivoire
45%
Gabon
45%
Ghana
45%
Irân
45%
Malta
45%
Österreich
45%
Pākistān
45%
République démocratique du Congo
45%
Togo
45%
Ukraïna
45%
Bangladesh
41%
Grenada
41%
Indonesia
41%
Kiribati
41%
Sverige
41%
Vanuatu
41%
Angola
36%
Danmark
36%
Hrvatska
36%
Lesotho
36%
Liberia
36%
Moldova
36%
Tanzania
36%
Tonga
36%
Tūnis
36%
Andorra
32%
Aotearoa
32%
Botswana
32%
Cabo Verde
32%
Cameroun
32%
Česká republika
32%
eSwatini
32%
Gambia
32%
Kenya
32%
Miṣr / Maṣr
32%
Nepāl
32%
Qaṭar
32%
Rwanda
32%
Sāmoa
32%
Sénégal
32%
Sierra Leone
32%
Slovensko
32%
Solomon Islands
32%
Timór-Leste
32%
Tuvalu
32%
Bhārat
27%
Burkina Faso
27%
Civitatis Vaticanae / Città del Vaticano
27%
Eesti
27%
Malaŵi
27%
Malaysia
27%
Slovenija
27%
Srbija
27%
Taiwan
27%
Zambia
27%
Zimbabwe
27%
Ayiti
23%
Elláda
23%
Federated States of
Micronesia
23%
Guinée
23%
Kâmpŭchéa
23%
Lëtzebuerg
23%
Liechtenstein
23%
Magyarország
23%
Mongol
23%
Palau
23%
Sakartvelo
23%
Thailand
23%
Türkmenistan
23%
Afġānistān
18%
Azərbaycan
18%
Balgariya
18%
Brunei
18%
Moçambique
18%
Paraguái
18%
Pilipinas
18%
Severna Makedonija
18%
ʻUmān
18%
Crna Gora
14%
Daehan / Han / Namjoseon
14%
Guinea Ecuatorial / Guinée Équatoriale / Guiné Equatorial
14%
Namibië
14%
Ningizimu Afrika / Mzantsi Afrika / Suid-Afrika / Afrika-Borwa / Afrika Borwa / Aforika Borwa / Afrika Dzonga / Ningizimu-Afrika / Afurika Tshipembe / Sewula Afrika
14%
Oʻzbekiston / Oozbyekistan
14%
Qazaqstan
14%
République du Congo
14%
Al-Kuwayt
9%
Bahrayn
9%
Bielaruś
9%
Chosŏn / Bughan
9%
Française
9%
Guiné-Bissau
9%
Kypriakí / Kıbrıs
9%
Lībiyā
9%
Papua Niugini / Papua Niu Gini
9%
Soomaaliya / as-Sūmāl
9%
Tojikiston / Tadzhikistan
9%
Viti
9%
Xīnjiāpō / Singapura / Ciṅkappūr
9%
al-Yaman
5%
Druk Yul
5%
Italiana
5%
Jībūtī / Jabuuti / Gabuutih
5%
Kosovës
5%
Latvijas
5%
Lietuvos
5%
Madagasikara
5%
Moris
5%
Múnegu
5%
Pasasonlav / Lav
5%
Piruw / Piruwxa
5%
São Tomé e Príncipe
5%
Sesel
5%
Suomen
5%
Tšād
5%
Ṃajeḷ
0%
al-ʿArabīyah as-Suʿūdīyah
0%
al-ʾImārāt al-ʿArabīyah al-Muttaḥidah
0%
Al-Jazāʾiriyya
0%
Al-Lubnānīyah
0%
Al-Maḡribiyya / lmeɣrib
0%
al-Mūrītānīyah
0%
Alnayjar
0%
Al-’Urdunniyyah
0%
as-Sūdān
0%
as-Sūrīyah
0%
Bêafrîka
0%
Binin
0%
Dhivehi Raajje
0%
Êraq
0%
ʾerətəra
0%
Hayastani
0%
Hercegovina
0%
Ilaṅkai
0%
Ītyōṗṗyā / Itiyoophiyaa / Itoobiya / Ítiyop'iya / Itiyoppiya
0%
Jumieka
0%
Komori / Qamarī
0%
Kyrgyzskaya
0%
myanmarninengantaw‌
0%
Najeriya / Naìjíríyà / Nàìjíríà
0%
Naoero
0%
Paguot Thudän
0%
San Marein
0%
Sent Lisi
0%
Shqipërisë
0%
Sranan
0%
Uburundi
0%
Việt Nam
0%
Yīsraʾel
0%
Yuganda
0%
Zhōnghuá
0%

Score Distribution

Percentile by Number Answered

Percent of People with Each Score

Your Score History

You have not taken this quiz